Ehemaliges Wappen Moderner Länder - Statistiken

Allgemein
  • Dieses Quiz wurde 119 mal gespielt
  • Das Durchschnittsergebnis liegt bei 6 aus 12
Antwortstatistiken
Bildquiz Hint Antwort % Korrekt
1908-1912 Australien
81%
1893-1916 Mexiko
80%
1863-1936 Griechenland
77%
2004-2021 Afghanistan
73%
1882-1917 Russland
48%
1953-1958 Ägypten
44%
1978-1985 Philippinen
44%
1945-1991 Slowenien
27%
1913-1928 Taiwan
27%
1936-1992 Armenien
24%
1935-1975 Angola
21%
1903-1919 Island
5%
Keine übereinstimmenden Quizze gefunden
Verteilung der Resultate
Anzahl Personen mit jedem Resultat
Perzentil nach korrekt beantworteten Fragen
Ihre Resultats-Entwicklung
Sie haben dieses Quiz noch nicht gespielt